000 00526nam a22001337a 4500
005 20241015095621.0
008 241015b |||||||| |||| 00| 0 eng d
100 _aHauge, Chelsey.
_eauthor.
_962944
245 _aAgency with virtual learning :
_bprioritizing children's social emotional health in the pandemic /
_cChelsey Hauge.
260 _aWashington;
_bTaylor & Francis Group,
_cNovember-December 2020.
300 _aVolume 96, pages 54-59,
_billustration.
700 _aHauge, Chelsey.
_eauthor.
_962945
942 _2ddc
_cPER
999 _c22559
_d22559